| 000 | 00467nam a2200157Ia 4500 | ||
|---|---|---|---|
| 008 | 160316s2000 xxu||||| |||| 00| 0 eng d | ||
| 082 |
_a658.400000 _bHAR |
||
| 100 | _a | ||
| 245 | _aHarvard business review interviews with CEOs. | ||
| 250 | _a | ||
| 260 |
_aBoston _bHarvard Business School Press _c2000 |
||
| 300 |
_a261p _b _c |
||
| 365 | _b Rs. 640 | ||
| 650 | _a1. Chief Executive Officers - Interviews 2. Industrial management - Case Studies | ||
| 700 |
_a _a |
||
| 999 |
_c23858 _d23858 |
||